| 000 | 01975nam a2200313 a 4500 | ||
|---|---|---|---|
| 003 | CBULib | ||
| 005 | 20250818081511.0 | ||
| 008 | 120416s1996 ||||||||||||||||| || u | ||
| 020 | _a1779050437 | ||
| 040 |
_bEnglish _cCBULib _erda |
||
| 050 | _aZ 674.5.A39 Pol | ||
| 100 |
_aLundu, Maurice Chimfwembe _94752 |
||
| 245 | 1 | 4 |
_aThe political economy of information on development, democracy and security in Southern Africa _c/ edited by Maurice Lundu |
| 260 |
_aHarare : _bSAPES, _c1996 |
||
| 300 | _axvii, 179 pages : illustrations | ||
| 336 |
_2rdacontent _aText | _btxt |
||
| 337 |
_2rdamedia _aUnmediated | _bn |
||
| 338 |
_2rdacarrier _aVolume _bnc |
||
| 500 | _aSUMMARY: This book addresses the role of information in a constantly changing world, with contributors taking a close look at want information means in the context of our environment which is being influenced by problems brought about by development, democracy and security in Southern Africa. It argues that most of the glaring shortcomings of the overall information infrastructure are not on the transmission side as conventionally believed, but are more on the generation, ownership, reception and use of the information received. The contributors urge a sustained research in the information sector in its broadened sense which requires continued commitment from government, public and private institutions, non,-governmental organisations, donors and above all an indigenous crop of researchers familiar with the Southern Africa sub-region. This is a book which sets the stage for further collaborative research in the information sector. FROM BOOK COVER | ||
| 650 | 0 |
_94753 _aINFORMATION SERVICES _zSOUTHERN AFRICA |
|
| 650 | 0 |
_94754 _aINFORMATION |
|
| 650 | 0 |
_94755 _aCULTURAL EQUITY |
|
| 650 | 0 |
_94756 _aSOCIAL EQUITY |
|
| 650 | 0 |
_94757 _aECONOMIC EQUITY |
|
| 650 | 0 |
_92463 _aFOOD SECURITY--AFRICA, SOUTHERN |
|
| 650 | 0 |
_9824 _aDEMOCRACY |
|
| 650 | 0 |
_91445 _aDEVELOPMENT |
|
| 942 |
_2lcc _c021 |
||
| 999 |
_c82029 _d82029 |
||